Building Expert Systems in Prolog /
Enregistré dans:
| Auteur principal: | |
|---|---|
| Format: | Livre |
| Langue: | anglais |
| Publié: |
New York :
Springer Verlag,
1989
|
| Tags: |
Pas de tags, Soyez le premier à ajouter un tag!
|
MARC
| LEADER | 00000nam a22000003a 4500 | ||
|---|---|---|---|
| 001 | stu31543 | ||
| 005 | 20150617225736.2 | ||
| 008 | 940301s1989----xxu-----------------eng-d | ||
| 020 | |a 0-387-97016-9 | ||
| 040 | |a STU |b slo | ||
| 041 | 0 | |a eng | |
| 044 | |a xxu | ||
| 080 | |a 519.682.5 | ||
| 080 | |a 800.92Prolog | ||
| 100 | 1 | |a Merritt, Dennis |4 aut | |
| 245 | 1 | |a Building Expert Systems in Prolog / |c [aut.] Merritt,Dennis | |
| 260 | |a New York : |b Springer Verlag, |c 1989 | ||
| 300 | |a 358 s | ||
| 996 | |b J90412 |c J*90412 |l JJST |s P |a 0 |w stu31543_0001 | ||